01436nam a22001937a 45000010005000000030006000050050017000110080041000280200018000690400029000870500008001160820013001241000022001372450079001592600049002383000050002875200876003376500029012135843FISKH20250124122711.0250124b cb ||||| |||| 00| 0 eng d a9780198389057 aFISKHbengcFISKHdFISKH aPZ7 a428.0076 aArrendondo, Jane  aComplete first language English for Cambridge IGCSERG /cby Jane Arredondo aOxford : bOxford University Press , c2013. a318 pages : bcolor illustrations ;c28 cm .  aComprehensively matched to the latest Cambridge IGCSE syllabus (0500), including the changes to the Reading paper, for examination from 2020. This thematic and literature-based approach helps students develop key skills and knowledge, make cross-curricular connections and think criticallyacross a huge range of text types and age-appropriate literary extracts.Ensure students' can confidently tackle their exams with extensive guidance embedded throughout. A comprehensive syllabus mapping grid is also included so you can be sure of full support.Support students' learning with assessment support, exam-style questions and intereactive activities on the accompanying support site.Closely supported by a skills-focused Workbook and a comprehensive Teacher Pack, the complete package of resources thoroughly equips you to tackle the Cambridge IGCSE course and assessment. a Secondaryv Non-Fiction